000 01239nam a22001937a 4500
999 _c63543
_d63543
003 Ge_BSU
005 20251027203542.0
008 251027s1968 ge ||||| |||| 00| 0 geo d
041 _ageo
080 _a334.732:63(55) ჭ-49
100 _aჭიპაშვილი, გიორგი
_926115
245 _aსასოფლო-სამეურნეო კოოპერატიული მოძრაობის განვითარება ირანში /
_cგიორგი ჭიპაშვილი; საქ სსრ მეცნიერებათა აკადემია.აღმოსავლეთმცოდნეობის ინ-ტი.
264 _aთბილისი :
_bმეცნიერება,
_c1968.
300 _a150 გვ. :
_bცხრილ. ;
_c21 სმ.
520 _aრეზიუმე რუსულ ენაზე.
653 _aსასოფლო-სამეურნეო კოოპერატივები ირანში
710 _aსაქ სსრ მეცნიერებათა აკადემია.
_bაღმოსავლეთმცოდნეობის ინ-ტი.
_926116
942 _2udc
_cᲬᲘᲒᲜᲘ